000
00261nam a22001217a 4500
008
180921b xxu||||| |||| 00| 0 eng d
041
_a
eng
080
_a
070
100
_a
39
101
_a
MK
245
_a
Strategy i nAdvertising
_c
Bogart, L
942
_2
udc
_c
BK
999
_c
48207
_d
48207